| 000 | 00000cas 2200000za 4500 |
| 001 | 9.504340 |
| 003 | CaOODSP |
| 005 | 20260415144910 |
| 007 | cr ||||||||||| |
| 008 | 150406c20159999oncmr p o f0 b0fre| |
| 022 | |a2368-7398 |
| 040 | |aCaOODSP|bfre |
| 043 | |an-cn--- |
| 086 | 1 |aHP33-2F-PDF |
| 222 | 0|aPromotion de la santé et prévention des maladies chroniques au Canada |
| 245 | 00|aPromotion de la santé et prévention des maladies chroniques au Canada |h[ressource électronique] : |brecherche, politiques et pratiques. |
| 260 | |aOttawa : |bAgence de santé publique du Canada, |c[2015]- |
| 310 | |aMensuel |
| 362 | 1 |aParaît depuis : vol. 35, no. 1 (mars 2015). |
| 500 | |aPubl. aussi en anglais sous le titre : Health promotion and chronic disease prevention in Canada. |
| 692 | 07|2gccst|aPromotion de la santé |
| 692 | 07|2gccst|aMaladie chronique |
| 710 | 2 |aAgence de santé publique du Canada. |
| 775 | 08|tHealth promotion and chronic disease prevention in Canada |w(CaOODSP)9.507962 |
| 780 | 00|tMaladies chroniques et blessures au Canada |w(CaOODSP)9.502743 |